000 00591nam a2200217Ia 4500
005 20250923144619.0
008 008 250917s9999 xx 000 0 eng d
037 _aTextual
040 _aDSWL
_beng
_cDSWL
041 _aeng
_2eng
084 _aYX;5-R(Y), N57
_qDSWL
100 _aSower, C.
_9826629
245 0 _aCommunity involvement
_cby C. Sower
260 _aGlencoe
_bIllinois Free Press
_c1957
300 _a323p.
365 _aUSD
_b5
700 _aJ Holland W Freeman
_9826630
925 _g5
942 _cTEXL
_hYX;5-R(Y), N57
999 _c1441171
_d1441171